| 000 | 00881nas a2200289 4500 | ||
|---|---|---|---|
| 001 | BR2012000650 | ||
| 003 | BR-BrBNA | ||
| 005 | 20231205120053.0 | ||
| 007 | ta | ||
| 008 | 230509b bl.|||p| |||| 00| 00por d | ||
| 040 |
_aBR-BrBNA _bpor _cBiblioteca Nacional de Agricultura |
||
| 041 | _a(Pt) | ||
| 072 | _aQ04 | ||
| 100 | 1 | _aAbrahão, S.A. | |
| 100 | 1 | _aPereira, R.G.F.A. | |
| 100 | 1 | _aLima, A.R. | |
| 100 | 1 | _aFerreira, E.B. | |
| 100 | 1 | _aMalta, M.R. | |
| 245 | 1 | _aCompostos bioativos em café integral e descafeinado e qualidade sensorial da bebida | |
| 650 | _aCAFÉ DESCAFEINADO | ||
| 650 | _aBEBIDA | ||
| 650 | _aANÁLISE ORGANOLÉPTICA | ||
| 650 | _aQUALIDADE | ||
| 773 | 0 |
_tPesquisa Agropecuária Brasileira (Brazil) _xISSN 0100-204X _g(Dec 2008), v. 43(12) p. 1799-1804 _wBR2012000650 |
|
| 909 |
_a202311 _bLúcia _c55 _dLúcia Elande |
||
| 942 |
_2AGRIS _n0 _cANA |
||
| 999 |
_c216930 _d216930 |
||